[Event "IX Floripa Chess Open Fort Atacadista"]
[Site "Florianópolis - Santa Catari"]
[Date "2023.01.25"]
[Round "4.127"]
[White "Kazuhiro Shikasho, Erik"]
[Black "Reis, Virginia Lagrange M"]
[Result "0-1"]
[WhiteElo "1886"]
[BlackElo "1652"]
[PlyCount "106"]
[EventDate "2023.01.23"]
[EventRounds "10"]
[EventCountry "BRA"]

1. e4 c5 2. Nf3 Nc6 3. d4 cxd4 4. Nxd4 g6 5. Nc3 Bg7 6. Be3 Nf6 7. Bc4 O-O 8.
Bb3 Ng4 9. Qxg4 Nxd4 10. O-O-O Nxb3+ 11. axb3 Qa5 12. Kb1 d6 13. Qh4 Re8 14.
Nd5 f6 15. Qg3 Be6 16. Nf4 Bf7 17. h4 Rac8 18. h5 g5 19. h6 Bh8 20. Nd5 Bg6 21.
f3 Rc6 22. c3 Kf7 23. Nb4 Rcc8 24. Rhe1 Red8 25. Qf2 d5 26. Nc2 dxe4 27. Rxd8
Rxd8 28. fxe4 Bxe4 29. Bxa7 Bxc2+ 30. Kxc2 Qd5 31. Bd4 e6 32. Re5 Qc6 33. Rxg5
Rxd4 34. Qxd4 fxg5 35. Qxh8 Qe4+ 36. Kd2 Qxg2+ 37. Kd3 Qh3+ 38. Ke4 Qxh6 39. c4
Qg6+ 40. Ke5 g4 41. Qc8 Qf6+ 42. Kd6 Qe7+ 43. Ke5 Qg5+ 44. Kd6 Qf4+ 45. Kd7
Qd4+ 46. Kc7 Qc5+ 47. Kxb7 Qxc8+ 48. Kxc8 g3 49. c5 g2 50. c6 g1=Q 51. c7 Qb6
52. Kd7 Qb5+ 53. Kd8 Qe8# 0-1

[Event "IX Floripa Chess Open Fort Atacadista"]
[Site "Florianópolis - Santa Catari"]
[Date "2023.01.25"]
[Round "4.128"]
[White "Karoly, Carlos Acacio Gomes"]
[Black "Lopez, Hector"]
[Result "1-0"]
[WhiteElo "1877"]
[BlackElo "1613"]
[PlyCount "79"]
[EventDate "2023.01.23"]
[EventRounds "10"]
[EventCountry "BRA"]

1. e4 c5 2. Nf3 g6 3. c3 Bg7 4. d4 cxd4 5. cxd4 e6 6. Nc3 Ne7 7. Bg5 O-O 8. Qd2
d5 9. e5 a6 10. Bd3 b5 11. O-O Nbc6 12. Rac1 Qb6 13. Bb1 Nf5 14. Bxf5 gxf5 15.
Bf6 h6 16. Qf4 Kh7 17. Bxg7 Kxg7 18. Rfd1 Rg8 19. Qh4 Qd8 20. Qxd8 Nxd8 21. Ne2
Bb7 22. Rc7 Rc8 23. Rdc1 Rxc7 24. Rxc7 b4 25. Nf4 Bc6 26. Nd2 Bb5 27. Nb3 Kf8
28. Na5 Rg4 29. g3 Ke8 30. f3 Rg5 31. Kf2 Kf8 32. h4 Rg7 33. Nh5 Rg6 34. Nf6
Rg7 35. h5 Ba4 36. Nb7 Nxb7 37. Rxb7 Bb5 38. Ra7 Rg5 39. f4 Rg7 40. Kf3 1-0

[Event "IX Floripa Chess Open Fort Atacadista"]
[Site "Florianópolis - Santa Catari"]
[Date "2023.01.25"]
[Round "4.129"]
[White "Americano, Lucca Casarini"]
[Black "Rodrigues, Nei Jorge"]
[Result "0-1"]
[WhiteElo "1563"]
[BlackElo "1845"]
[PlyCount "92"]
[EventDate "2023.01.23"]
[EventRounds "10"]
[EventCountry "BRA"]

1. Nf3 d5 2. g3 g6 3. Bg2 Bg7 4. d3 Nf6 5. O-O c5 6. Nbd2 Nc6 7. e4 O-O 8. c3
dxe4 9. dxe4 Qc7 10. Qe2 e5 11. a4 a5 12. Nc4 h6 13. b3 Be6 14. Ba3 b6 15. Rad1
Rfd8 16. Rd2 Rxd2 17. Nfxd2 Rd8 18. Rd1 Bg4 19. Bf3 Be6 20. Bg2 h5 21. Nf1 Bh6
22. Bc1 Bxc1 23. Rxc1 Ne7 24. h4 Ne8 25. Nfe3 f6 26. Rd1 Nd6 27. Rxd6 Rxd6 28.
Nxd6 Qxd6 29. Nd5 Kg7 30. c4 Nc6 31. Qd3 Nd4 32. Kh2 Bg4 33. f3 Be6 34. Bh3 Bf7
35. Qd1 f5 36. Qd3 Be6 37. Kg2 Bd7 38. Kh2 Be6 39. Kg2 Bxd5 40. cxd5 Qf6 41.
Qd1 f4 42. Qd3 fxg3 43. Kxg3 g5 44. hxg5 Qxg5+ 45. Kf2 Qf4 46. Kg2 h4 0-1

[Event "IX Floripa Chess Open Fort Atacadista"]
[Site "Florianópolis - Santa Catari"]
[Date "2023.01.25"]
[Round "4.130"]
[White "Ribeiro, Regina"]
[Black "Senger, Maria Clara Da Silv"]
[Result "1/2-1/2"]
[WhiteElo "1842"]
[BlackElo "1604"]
[PlyCount "61"]
[EventDate "2023.01.23"]
[EventRounds "10"]
[EventCountry "BRA"]

1. Nf3 d5 2. g3 c6 3. Bg2 Bg4 4. d4 Nf6 5. Nbd2 e6 6. O-O Be7 7. c4 O-O 8. b3
Nbd7 9. Bb2 Rc8 10. Rc1 h6 11. Ne5 Bf5 12. Nxd7 Qxd7 13. Nf3 Rfe8 14. Ne5 Qd8
15. f3 Bh7 16. e4 Bf8 17. Qe2 Nd7 18. Nxd7 Qxd7 19. e5 c5 20. cxd5 Qxd5 21. f4
Qd7 22. Rfd1 cxd4 23. Rxc8 Rxc8 24. Be4 Bxe4 25. Qxe4 Rd8 26. Qd3 Bc5 27. a3
Qd5 28. b4 Bb6 29. Rc1 Qa2 30. Rc2 Qd5 31. h3 1/2-1/2

[Event "IX Floripa Chess Open Fort Atacadista"]
[Site "Florianópolis - Santa Catari"]
[Date "2023.01.25"]
[Round "4.131"]
[White "Da Rosa, Henrique Jaze Simoe"]
[Black "Pereira, Armando Scharlau"]
[Result "1-0"]
[WhiteElo "1838"]
[BlackElo "1581"]
[PlyCount "103"]
[EventDate "2023.01.23"]
[EventRounds "10"]
[EventCountry "BRA"]

1. Nf3 Nf6 2. c4 e6 3. g3 d5 4. Bg2 c6 5. O-O Bd6 6. d4 O-O 7. Qc2 Nbd7 8. Nbd2
b6 9. e4 dxe4 10. Ng5 Bb7 11. Ngxe4 Qe7 12. Rd1 h6 13. Nxd6 Qxd6 14. Nb3 Qe7
15. Bf4 Rfd8 16. Qe2 Qf8 17. Rac1 Rac8 18. c5 Nd5 19. Bd6 Qe8 20. Nd2 N7f6 21.
Nc4 bxc5 22. Bxc5 Ba6 23. Qc2 Bxc4 24. Qxc4 Qd7 25. Qa6 Rc7 26. Rc4 Rb8 27. b3
Rb5 28. Rdc1 Nb6 29. R4c2 Nbd5 30. Qa3 Ne8 31. h4 Kh8 32. Bf1 Rb8 33. Bd3 a5
34. Ba7 Rb4 35. Bc5 Rb8 36. Bb6 Qe7 37. Qxe7 Rxe7 38. Bxa5 Ra7 39. Be1 g6 40.
Rxc6 Rxa2 41. Rc8 Raa8 42. Rxb8 Rxb8 43. b4 Nd6 44. Rb1 Nb5 45. Bxb5 Rxb5 46.
Kf1 Kg7 47. Ke2 Kf6 48. Kd3 Ke7 49. Ra1 Kd6 50. Ra7 Nc7 51. Bd2 h5 52. Bf4+ 1-0

[Event "IX Floripa Chess Open Fort Atacadista"]
[Site "Florianópolis - Santa Catari"]
[Date "2023.01.25"]
[Round "4.132"]
[White "Gusmao, Pablo Da Silva"]
[Black "Piassi, Eric Augusto"]
[Result "1/2-1/2"]
[WhiteElo "1563"]
[BlackElo "1837"]
[PlyCount "86"]
[EventDate "2023.01.23"]
[EventRounds "10"]
[EventCountry "BRA"]

1. e4 c6 2. d4 d5 3. exd5 cxd5 4. Bd3 Nc6 5. c3 Nf6 6. h3 e6 7. Nf3 Bd6 8. O-O
h6 9. Re1 Qc7 10. Qe2 O-O 11. Nbd2 a6 12. Ne5 b5 13. Ndf3 b4 14. Bf4 bxc3 15.
bxc3 Na5 16. Qd2 Nc4 17. Qc1 Nh7 18. Bxh6 gxh6 19. Qxh6 f5 20. Bxc4 dxc4 21.
Re3 Rf6 22. Qh4 Bxe5 23. Nxe5 Ra7 24. Qh5 f4 25. Rf3 Bb7 26. Kh1 Bxf3 27. gxf3
Qc8 28. Rg1+ Rg7 29. Ng4 Rxg4 30. Qxg4+ Kf7 31. Qg7+ Ke8 32. Qxh7 Qc6 33. Rg8+
Rf8 34. Qg6+ Ke7 35. Qg7+ Rf7 36. Qg5+ Kd6 37. Qe5+ Kd7 38. Qe4 Qb5 39. Rg6 Re7
40. Rf6 Qh5 41. Kh2 Qh4 42. Qb7+ Kd6 43. Qb6+ Kd7 1/2-1/2

[Event "IX Floripa Chess Open Fort Atacadista"]
[Site "Florianópolis - Santa Catari"]
[Date "2023.01.25"]
[Round "4.133"]
[White "Oviedo Acosta, Paula"]
[Black "Fraga, Heitor Carneiro"]
[Result "0-1"]
[WhiteElo "1836"]
[BlackElo "1556"]
[PlyCount "78"]
[EventDate "2023.01.23"]
[EventRounds "10"]
[EventCountry "BRA"]

1. e4 c5 2. Nf3 d6 3. d4 cxd4 4. Nxd4 Nf6 5. Nc3 g6 6. Be3 Bg7 7. f3 O-O 8. Qd2
Nc6 9. Bc4 Bd7 10. O-O-O Rc8 11. Bb3 Nxd4 12. Bxd4 b5 13. Nd5 Nxd5 14. Bxg7
Kxg7 15. Qxd5 Kg8 16. Qd4 a5 17. a4 bxa4 18. Bxa4 Be6 19. Qe3 Qc7 20. Rd4 Rb8
21. Qa3 Rb6 22. Rd3 Rfb8 23. Rc3 Qa7 24. b3 Rb4 25. Rf1 Qd4 26. Rd3 Qe5 27. g3
Bc4 28. Rfd1 Bxd3 29. Rxd3 Qc5 30. Bd7 R8b7 31. Bg4 Qg1+ 32. Kb2 a4 33. f4 Qxh2
34. Kc1 Qg1+ 35. Bd1 axb3 36. cxb3 Qc5+ 37. Kd2 Ra7 38. Qb2 Qf2+ 39. Be2 Rxe4
0-1

[Event "IX Floripa Chess Open Fort Atacadista"]
[Site "Florianópolis - Santa Catari"]
[Date "2023.01.25"]
[Round "4.134"]
[White "Borsato, Ana Carolina Teodor"]
[Black "Romais, Rodrigo"]
[Result "1-0"]
[WhiteElo "1832"]
[BlackElo "1548"]
[PlyCount "99"]
[EventDate "2023.01.23"]
[EventRounds "10"]
[EventCountry "BRA"]

1. e4 e6 2. d4 d5 3. e5 c5 4. Qg4 cxd4 5. Nf3 Nc6 6. Bd3 Qc7 7. Bf4 Nge7 8. O-O
Ng6 9. Bxg6 hxg6 10. Nbd2 Bd7 11. Nb3 Rc8 12. Nbxd4 Be7 13. c3 Qb6 14. Rab1
Nxd4 15. Nxd4 a6 16. Rfe1 Bb5 17. Qf3 Bc6 18. Qg3 Bh4 19. Qg4 Be7 20. Be3 Bd7
21. Nf3 Qa5 22. Bd4 Rh5 23. a3 Bb5 24. Rbd1 Ba4 25. Rd2 Qd8 26. Be3 Rc4 27. Nd4
Bd7 28. Bf4 Bg5 29. Bxg5 Rxg5 30. Qh3 Rh5 31. Qd3 Qh4 32. h3 Qg5 33. Re3 Ke7
34. Rd1 Rc8 35. Rde1 Rch8 36. Rg3 Qh6 37. Nf3 Bb5 38. Qd4 Rc8 39. Qb6 Bc6 40.
Qc5+ Ke8 41. Rg4 Qh8 42. Qd4 Bd7 43. b3 Qf8 44. Qd3 Qxa3 45. Rxg6 Qxb3 46. Rxg7
Rxc3 47. Qd4 Rc4 48. Qa7 Rf5 49. Rg8+ Ke7 50. Qb8 1-0

[Event "IX Floripa Chess Open Fort Atacadista"]
[Site "Florianópolis - Santa Catari"]
[Date "2023.01.25"]
[Round "4.135"]
[White "Barbosa, Kassio Rodrigo"]
[Black "Vieira, Jose Renato Braga S"]
[Result "0-1"]
[WhiteElo "1540"]
[BlackElo "1828"]
[PlyCount "105"]
[EventDate "2023.01.23"]
[EventRounds "10"]
[EventCountry "BRA"]

1. e4 e5 2. Nf3 Nc6 3. Bb5 a6 4. Ba4 Nf6 5. Qe2 d6 6. c3 Be7 7. h3 O-O 8. d3 b5
9. Bb3 Bb7 10. O-O Na5 11. Bc2 c5 12. Nbd2 Qc7 13. Rd1 d5 14. Nf1 Rfe8 15. Ng3
h6 16. Nf5 Bf8 17. h4 Rad8 18. Nh2 dxe4 19. dxe4 Rxd1+ 20. Bxd1 Bxe4 21. Ng3
Bb7 22. Ng4 Qc6 23. Nxf6+ Qxf6 24. Qg4 Bc8 25. Qe4 Nc4 26. Bc2 g6 27. h5 Nd6
28. Qd3 c4 29. Qe3 g5 30. Ne4 Nxe4 31. Qxe4 Bc5 32. Be3 Bxe3 33. Qxe3 Bf5 34.
Qf3 e4 35. Qe2 Qe6 36. Re1 Kg7 37. Qe3 Re7 38. Qd4+ Qf6 39. Qe3 Re6 40. f3 exf3
41. Qxf3 Rxe1+ 42. Kf2 Re5 43. Bd1 Bc8 44. Qxf6+ Kxf6 45. g4 Re4 46. Kg3 Ke5
47. b3 Re3+ 48. Kf2 Rxc3 49. bxc4 Rxc4 50. Kg3 Bxg4 51. Bxg4 Rxg4+ 52. Kxg4 f5+
53. Kh3 0-1

[Event "IX Floripa Chess Open Fort Atacadista"]
[Site "Florianópolis - Santa Catari"]
[Date "2023.01.25"]
[Round "4.136"]
[White "Oliveira, Sara Beatris Silva"]
[Black "Rodrigues, Julliano De Araujo"]
[Result "0-1"]
[WhiteElo "1535"]
[BlackElo "1819"]
[PlyCount "96"]
[EventDate "2023.01.23"]
[EventRounds "10"]
[EventCountry "BRA"]

1. d4 d5 2. c4 c6 3. Nc3 Nf6 4. Nf3 dxc4 5. e4 b5 6. Bg5 Bb7 7. a3 Nbd7 8. Be2
h6 9. Bh4 g5 10. Bg3 e6 11. O-O Bg7 12. Ne5 Qb6 13. Nxd7 Nxd7 14. e5 Rd8 15.
Ne4 Nxe5 16. Bxe5 Bxe5 17. Bh5 O-O 18. Qf3 Rxd4 19. Nf6+ Kh8 20. Ng4 Bg7 21.
Rae1 c5 22. Qh3 f5 23. Ne5 Bxe5 24. Rxe5 Qd6 25. Rfe1 Be4 26. f4 Kg7 27. g3 Rd2
28. Be2 Rxb2 29. Rd1 Rd2 30. Rxd2 Qxd2 31. Rxe6 Qe3+ 32. Kf1 Bg2+ 33. Qxg2 Qxe6
34. Qb7+ Rf7 35. Qxb5 Re7 36. Qb2+ Qf6 37. Qxf6+ Kxf6 38. Bxc4 Re4 39. fxg5+
hxg5 40. Be2 Ke5 41. Ke1 Kd4 42. Kd2 Rxe2+ 43. Kxe2 g4 44. Kd2 a6 45. Ke2 Kc3
46. Ke3 c4 47. a4 a5 48. Ke2 Kb2 0-1

[Event "IX Floripa Chess Open Fort Atacadista"]
[Site "Florianópolis - Santa Catari"]
[Date "2023.01.25"]
[Round "4.137"]
[White "De Souza, Carlos Alberto"]
[Black "Silva, Ezequiel Demetras"]
[Result "0-1"]
[WhiteElo "1474"]
[BlackElo "1811"]
[PlyCount "96"]
[EventDate "2023.01.23"]
[EventRounds "10"]
[EventCountry "BRA"]

1. e4 c5 2. c4 Nc6 3. Nc3 g6 4. Nf3 Bg7 5. d3 d6 6. Be2 e6 7. O-O Nge7 8. Be3
Nd4 9. Qd2 h6 10. Nb5 Nec6 11. Ne1 O-O 12. f4 Nxb5 13. cxb5 Nd4 14. a4 Nb3 15.
Qd1 Nxa1 16. Qxa1 a6 17. Qc1 axb5 18. e5 Kh7 19. axb5 b6 20. d4 cxd4 21. Bxd4
dxe5 22. Bxe5 Bxe5 23. fxe5 Qd4+ 24. Kh1 Qxe5 25. Bf3 Ra7 26. Bc6 Qg5 27. Qc4
Bb7 28. Nd3 Bxc6 29. bxc6 Qd5 30. Qc3 Rc7 31. Ne5 f6 32. h3 Qxe5 33. Qxe5 fxe5
34. Rxf8 Kg7 35. Rf2 Rxc6 36. Kg1 b5 37. Kf1 Rc1+ 38. Ke2 Rc2+ 39. Ke3 Rxf2 40.
Kxf2 Kf6 41. Ke3 Kf5 42. g4+ Kg5 43. Ke4 Kh4 44. b4 Kxh3 45. Kxe5 Kxg4 46. Kd4
h5 47. Kc5 h4 48. Kxb5 h3 0-1

[Event "IX Floripa Chess Open Fort Atacadista"]
[Site "Florianópolis - Santa Catari"]
[Date "2023.01.25"]
[Round "4.138"]
[White "Machado, Leonardo Ribeiro"]
[Black "Calcada, Henrique Galvan"]
[Result "1/2-1/2"]
[WhiteElo "1807"]
[BlackElo "1469"]
[PlyCount "105"]
[EventDate "2023.01.23"]
[EventRounds "10"]
[EventCountry "BRA"]

1. e4 c5 2. Nf3 g6 3. Bc4 Bg7 4. O-O Nc6 5. c3 e6 6. Re1 Nge7 7. d4 cxd4 8.
cxd4 d5 9. exd5 exd5 10. Bb5 O-O 11. Bxc6 Nxc6 12. Ne5 Re8 13. Nxc6 Rxe1+ 14.
Qxe1 bxc6 15. Qc3 Qb6 16. Qc5 Bxd4 17. Qxb6 axb6 18. Nc3 Be6 19. Bf4 Kf8 20. a3
Ke7 21. Kf1 Kd7 22. Ke2 c5 23. Rc1 f6 24. h3 Be5 25. Kf3 d4 26. Bxe5 fxe5 27.
Nb1 Bd5+ 28. Kg3 Rf8 29. f3 Kd6 30. Nd2 b5 31. h4 c4 32. a4 bxa4 33. Nxc4+ Bxc4
34. Rxc4 Rb8 35. f4 Rb3+ 36. Kg4 Rxb2 37. Rxa4 Rxg2+ 38. Kf3 Rh2 39. Ra6+ Kd5
40. Ra5+ Kc4 41. fxe5 Rxh4 42. e6 Rh3+ 43. Kf2 Re3 44. Ra7 Rxe6 45. Rxh7 Rd6
46. Ke2 d3+ 47. Kd2 Kd4 48. Re7 Rd5 49. Re3 Kc5 50. Re6 g5 51. Re3 Kc4 52. Rh3
Kc5 53. Rxd3 1/2-1/2

[Event "IX Floripa Chess Open Fort Atacadista"]
[Site "Florianópolis - Santa Catari"]
[Date "2023.01.25"]
[Round "4.139"]
[White "De Brito, Gabrielly Rodrigues"]
[Black "Tamayo, Jose Luis"]
[Result "1/2-1/2"]
[WhiteElo "1415"]
[BlackElo "1805"]
[PlyCount "53"]
[EventDate "2023.01.23"]
[EventRounds "10"]
[EventCountry "BRA"]

1. Nf3 Nf6 2. b3 g6 3. Bb2 Bg7 4. e3 d5 5. Be2 c6 6. O-O O-O 7. c4 Nbd7 8. d3
Re8 9. Nbd2 e5 10. Rc1 e4 11. Nd4 exd3 12. Bxd3 Ne5 13. Be2 dxc4 14. Nxc4 Nxc4
15. Bxc4 Ng4 16. h3 Nh6 17. Ba1 Qa5 18. Qe2 Nf5 19. Nxf5 Qxf5 20. Bxg7 Kxg7 21.
Rfd1 Qf6 22. a4 Bf5 23. Bd3 Be6 24. Bc4 Rad8 25. Bxe6 Rxe6 26. Rxd8 Qxd8 27.
Rd1 1/2-1/2

[Event "IX Floripa Chess Open Fort Atacadista"]
[Site "Florianópolis - Santa Catari"]
[Date "2023.01.25"]
[Round "4.140"]
[White "Garcia, Erich Douglas Ribei"]
[Black "Lazzarotti, Calebe Kadlubiski"]
[Result "0-1"]
[WhiteElo "1427"]
[BlackElo "1801"]
[PlyCount "74"]
[EventDate "2023.01.23"]
[EventRounds "10"]
[EventCountry "BRA"]

1. d4 d5 2. c4 e6 3. Nc3 Nf6 4. Nf3 Be7 5. Bf4 O-O 6. e3 b6 7. cxd5 exd5 8. Bd3
Bg4 9. h3 Bh5 10. Rc1 Nbd7 11. O-O c5 12. Be2 c4 13. b3 Rc8 14. bxc4 dxc4 15.
Qa4 a5 16. g4 Bg6 17. Bxc4 Bb4 18. Nb5 Be4 19. Be2 Nd5 20. Bg3 f5 21. Bh4 Qe8
22. a3 Rxc1 23. Rxc1 fxg4 24. Ng5 Be7 25. Nxe4 Bxh4 26. Nbd6 Bxf2+ 27. Kh2 g3+
28. Kg2 Nxe3+ 29. Kh1 g2+ 30. Kh2 g1=Q+ 31. Rxg1 Bxg1+ 32. Kxg1 Qg6+ 33. Bg4
Nxg4 34. Qb3+ Kh8 35. hxg4 Qxg4+ 36. Kh2 Qe2+ 37. Kh3 Rf3+ 0-1

[Event "IX Floripa Chess Open Fort Atacadista"]
[Site "Florianópolis - Santa Catari"]
[Date "2023.01.25"]
[Round "4.141"]
[White "Souza, Vitor Gabriel Batis"]
[Black "Pinto, Vanderlei"]
[Result "1/2-1/2"]
[WhiteElo "1800"]
[BlackElo "1346"]
[PlyCount "81"]
[EventDate "2023.01.23"]
[EventRounds "10"]
[EventCountry "BRA"]

1. c4 Nf6 2. g3 g6 3. Bg2 Bg7 4. Nf3 O-O 5. d3 c5 6. Nc3 d6 7. O-O Nc6 8. e4 e5
9. a3 a6 10. Rb1 Rb8 11. Bg5 h6 12. Bxf6 Bxf6 13. b4 Bg4 14. h3 Bxf3 15. Bxf3
Nd4 16. Bg2 Bg7 17. Ne2 b6 18. Nxd4 exd4 19. f4 h5 20. f5 Qg5 21. Rf3 Be5 22.
Qc1 Qxc1+ 23. Rxc1 g5 24. g4 hxg4 25. hxg4 Kg7 26. Rff1 Kf6 27. Kf2 Bf4 28. Rb1
Rh8 29. a4 Rh4 30. Kf3 Bd2 31. b5 a5 32. Rh1 Rbh8 33. Rbd1 Be3 34. Rdf1 Bf4 35.
Rd1 Rh2 36. Rxh2 Rxh2 37. Rh1 Ke5 38. Rxh2 Bxh2 39. Bh3 f6 40. Bg2 Bg1 41. Bf1
1/2-1/2

[Event "IX Floripa Chess Open Fort Atacadista"]
[Site "Florianópolis - Santa Catari"]
[Date "2023.01.25"]
[Round "4.142"]
[White "Hataby, Raed"]
[Black "Riquelme, Andres"]
[Result "1-0"]
[WhiteElo "1979"]
[BlackElo "1695"]
[PlyCount "41"]
[EventDate "2023.01.23"]
[EventRounds "10"]
[EventCountry "BRA"]

1. e3 d5 2. c4 Nc6 3. Nc3 Nf6 4. Nf3 Bg4 5. Qb3 b6 6. cxd5 Nxd5 7. Bc4 Bxf3 8.
gxf3 e6 9. d4 Bd6 10. Bd2 O-O 11. Ne4 Be7 12. h4 Bxh4 13. Ke2 f5 14. Nc3 Nce7
15. Rag1 a5 16. Rg2 b5 17. Bxd5 exd5 18. Rgh2 Bg5 19. Nxd5 Rf7 20. Nxc7 Nc6 21.
Rxh7 1-0

[Event "IX Floripa Chess Open Fort Atacadista"]
[Site "Florianópolis - Santa Catari"]
[Date "2023.01.25"]
[Round "4.143"]
[White "Eger, Laura Luisa"]
[Black "Brito, Nicolas Neres"]
[Result "1/2-1/2"]
[WhiteElo "1800"]
[BlackElo "1426"]
[PlyCount "108"]
[EventDate "2023.01.23"]
[EventRounds "10"]
[EventCountry "BRA"]

1. e4 c5 2. Nf3 e6 3. c3 d5 4. exd5 Qxd5 5. d4 Nf6 6. Be2 Nc6 7. Na3 Qd8 8. Nc2
Be7 9. O-O O-O 10. dxc5 Bxc5 11. Qxd8 Rxd8 12. Bg5 Be7 13. Rad1 Bd7 14. Ne3 Be8
15. Rxd8 Rxd8 16. Rd1 Rxd1+ 17. Bxd1 Ne4 18. Bxe7 Nxe7 19. Nd4 e5 20. Nb3 b6
21. Be2 f6 22. Nc4 Bb5 23. Bd3 Bc6 24. h4 Nf5 25. f3 Ned6 26. g4 Bd5 27. Nbd2
Nxc4 28. Bxc4 Bxc4 29. Nxc4 Nxh4 30. Kf2 Kf8 31. Nd6 a6 32. a4 Ng6 33. Nc8 b5
34. axb5 axb5 35. Nd6 Nf4 36. b4 Nd5 37. Nxb5 g6 38. Kg3 Ke7 39. Kf2 Kd7 40.
Ke2 Kc6 41. Na7+ Kb7 42. Nb5 Kb6 43. c4 Nxb4 44. Nd6 h5 45. Ne4 f5 46. gxh5
gxh5 47. Nd6 f4 48. Ne4 Na6 49. Nf6 Kc5 50. Nxh5 Kxc4 51. Nf6 Nc5 52. Ng4 Kd4
53. Nf6 e4 54. fxe4 Nxe4 1/2-1/2

[Event "IX Floripa Chess Open Fort Atacadista"]
[Site "Florianópolis - Santa Catari"]
[Date "2023.01.25"]
[Round "4.144"]
[White "Bernardo, Henrique Carvalho"]
[Black "Panazzolo, Paulo Victor"]
[Result "0-1"]
[WhiteElo "1405"]
[BlackElo "1788"]
[PlyCount "82"]
[EventDate "2023.01.23"]
[EventRounds "10"]
[EventCountry "BRA"]

1. e4 e5 2. Nf3 Nc6 3. Bc4 Nf6 4. d4 exd4 5. e5 d5 6. Bb5 Ne4 7. Nxd4 Bd7 8.
Bxc6 bxc6 9. O-O Bc5 10. f3 Ng5 11. Be3 Bb6 12. f4 Ne4 13. Nd2 Nxd2 14. Qxd2 c5
15. Nf3 d4 16. Bf2 Bc6 17. Bh4 Qd5 18. b3 c4 19. Qb4 Bc5 20. bxc4 Bxb4 21. cxd5
Bxd5 22. Nxd4 Bc3 23. Rad1 Bxa2 24. Nb5 Ba5 25. Ra1 Bb6+ 26. Kh1 Bc4 27. Rfb1
Bxb5 28. Rxb5 Kd7 29. Rd1+ Kc6 30. Rbd5 a5 31. f5 Rhe8 32. Be1 a4 33. g3 a3 34.
Bc3 a2 35. Kg2 a1=Q 36. Bxa1 Rxa1 37. Rxa1 Kxd5 38. Rd1+ Kc6 39. Re1 Bd4 40. e6
fxe6 41. fxe6 Bf6 0-1

[Event "IX Floripa Chess Open Fort Atacadista"]
[Site "Florianópolis - Santa Catari"]
[Date "2023.01.25"]
[Round "4.145"]
[White "Moro, Antonio Renato Pere"]
[Black "Morato, Saulo Duenas"]
[Result "1/2-1/2"]
[WhiteElo "1770"]
[BlackElo "1345"]
[PlyCount "88"]
[EventDate "2023.01.23"]
[EventRounds "10"]
[EventCountry "BRA"]

1. e4 e5 2. Nc3 Nf6 3. Nf3 Nc6 4. Bc4 Bb4 5. d3 h6 6. O-O d6 7. h3 Na5 8. Bb5+
c6 9. Ba4 Bc5 10. Ne2 b5 11. Bb3 Nxb3 12. axb3 O-O 13. c3 Bb6 14. b4 Be6 15.
Qc2 Qc7 16. Be3 Bxe3 17. fxe3 a5 18. bxa5 Rxa5 19. b4 Ra7 20. Ng3 Rfa8 21. Rxa7
Rxa7 22. Rb1 Ra2 23. Rb2 Qa7 24. Rxa2 Qxa2 25. Qxa2 Bxa2 26. Nf5 d5 27. exd5
Nxd5 28. Nxe5 Bb1 29. e4 Nxc3 30. Ne7+ Kf8 31. N7xc6 Ke8 32. Nd4 f6 33. Nef3
Bxd3 34. e5 Na2 35. exf6 gxf6 36. Ne1 Bc4 37. Nec2 Kf7 38. Kf2 Nc3 39. Na3 Bd3
40. Ke3 Bf1 41. Kf2 Bd3 42. g4 Kg6 43. Ke3 Bf1 44. h4 Nd5+ 1/2-1/2

[Event "IX Floripa Chess Open Fort Atacadista"]
[Site "Florianópolis - Santa Catari"]
[Date "2023.01.25"]
[Round "4.146"]
[White "Machado, Luiz Fernando"]
[Black "De Souza, Nicolas Gabriel"]
[Result "0-1"]
[WhiteElo "1768"]
[BlackElo "1326"]
[PlyCount "94"]
[EventDate "2023.01.23"]
[EventRounds "10"]
[EventCountry "BRA"]

1. d4 Nf6 2. Nc3 g6 3. Bf4 Bg7 4. e4 d6 5. Qd2 O-O 6. Nf3 Nbd7 7. Be2 b6 8.
O-O-O Bb7 9. Bd3 c5 10. Bh6 Rc8 11. h4 c4 12. Bxg7 Kxg7 13. e5 dxe5 14. dxe5
Nxe5 15. Nxe5 cxd3 16. Nxd3 Bxg2 17. Rhg1 Ne4 18. Nxe4 Bxe4 19. Qe3 Qc7 20. c3
Bxd3 21. Rxd3 Qh2 22. Rg3 h5 23. Qf4 Kh7 24. Rd1 Rc5 25. Qd4 e6 26. Qd6 Rfc8
27. Rf3 Qxd6 28. Rxd6 R8c7 29. Rd4 e5 30. Re4 f5 31. Re1 Re7 32. Rd3 Rc4 33.
Rh1 Rf4 34. Rd2 Kg7 35. Kd1 Kf6 36. Ke2 Ke6 37. Rg1 Rg7 38. Rh1 e4 39. Rd8 Rf3
40. Rhd1 Rh3 41. Re8+ Kf7 42. Rdd8 Rxh4 43. Rf8+ Ke6 44. Rde8+ Kd5 45. b3 Rh1
46. Ke3 Rh3+ 47. Kf4 g5+ 0-1

[Event "IX Floripa Chess Open Fort Atacadista"]
[Site "Florianópolis - Santa Catari"]
[Date "2023.01.25"]
[Round "4.147"]
[White "Monteiro, Samuel Ramazzotte"]
[Black "Bisesar, Maycon Da Costa"]
[Result "1/2-1/2"]
[WhiteElo "1385"]
[BlackElo "1760"]
[PlyCount "54"]
[EventDate "2023.01.23"]
[EventRounds "10"]
[EventCountry "BRA"]

1. Nf3 Nf6 2. g3 g6 3. Bg2 Bg7 4. d4 O-O 5. O-O d6 6. Bg5 c6 7. c3 Nbd7 8. Nbd2
h6 9. Bxf6 Nxf6 10. Re1 Bg4 11. Qc2 Re8 12. e4 e5 13. Rad1 Qc8 14. dxe5 dxe5
15. Nc4 Qc7 16. Qb3 b5 17. Ncd2 Rad8 18. c4 Qb8 19. h3 Be6 20. Rc1 bxc4 21.
Qxb8 Rxb8 22. Nxe5 Rxb2 23. Ndxc4 Rxa2 24. Nxc6 Bxc4 25. Rxc4 a5 26. e5 Nd7 27.
Rf4 Nf8 1/2-1/2

[Event "IX Floripa Chess Open Fort Atacadista"]
[Site "Florianópolis - Santa Catari"]
[Date "2023.01.25"]
[Round "4.148"]
[White "Fugimoto, Rafael Aoki"]
[Black "Mesquita, Arnaldo Leite"]
[Result "0-1"]
[WhiteElo "1317"]
[BlackElo "1760"]
[PlyCount "73"]
[EventDate "2023.01.23"]
[EventRounds "10"]
[EventCountry "BRA"]

1. d4 Nf6 2. Bf4 e6 3. e3 d5 4. Nf3 Bd6 5. Ne5 O-O 6. Bd3 c5 7. c3 c4 8. Bc2
Nc6 9. Nd2 Ne7 10. Qf3 Ng6 11. Bg3 Qc7 12. Nxg6 fxg6 13. Qe2 e5 14. dxe5 Bxe5
15. Bxe5 Qxe5 16. Nf3 Qe7 17. O-O Nh5 18. Nd4 Qg5 19. f4 Qe7 20. Qf3 Nf6 21. h3
Bd7 22. Rfe1 Rae8 23. a4 a6 24. a5 Ne4 25. Bxe4 Qxe4 26. Qxe4 Rxe4 27. Ra3
Rfxf4 28. Raa1 Rf8 29. Re2 g5 30. Kh2 g4 31. h4 g3+ 32. Kxg3 Rg4+ 33. Kh2 Rxh4+
34. Kg3 Rg4+ 35. Kh2 Re4 36. Kg3 Rg4+ 37. Kh2 0-1

[Event "IX Floripa Chess Open Fort Atacadista"]
[Site "Florianópolis - Santa Catari"]
[Date "2023.01.25"]
[Round "4.149"]
[White "Mendonca, Erico"]
[Black "Arnosti, Marcelo Gusmao"]
[Result "1/2-1/2"]
[WhiteElo "1756"]
[BlackElo "1789"]
[PlyCount "123"]
[EventDate "2023.01.23"]
[EventRounds "10"]
[EventCountry "BRA"]

1. e4 c6 2. d4 d5 3. e5 Bf5 4. Nf3 e6 5. Be2 Nd7 6. O-O Qb6 7. c4 Ne7 8. c5 Qc7
9. Nc3 h6 10. Bd2 f6 11. Bf4 Ng6 12. Bg3 fxe5 13. Bd3 Kf7 14. Bxf5 exf5 15.
dxe5 f4 16. Nxd5 cxd5 17. Qxd5+ Ke7 18. Bh4+ Nxh4 19. Nxh4 Qxc5 20. Ng6+ Kd8
21. Qxc5 Bxc5 22. e6 Nf6 23. Nxh8 Ke7 24. Ng6+ Kxe6 25. Nxf4+ Kf7 26. Rac1 b6
27. Nd3 Bd4 28. Rc4 Rd8 29. Rd1 Ke7 30. Re1+ Kf8 31. b3 b5 32. Rc7 Bb6 33. Nf4
Bxc7 34. Ne6+ Kf7 35. Nxc7 Rd2 36. Nxb5 Rxa2 37. f3 Nh5 38. g3 Nf6 39. Nd6+ Kf8
40. Rc1 Ke7 41. Nf5+ Kd7 42. Nxg7 Nd5 43. Nf5 Ke6 44. Nd4+ Ke5 45. Nc2 a5 46.
Kf2 Nb4 47. Ke2 Nxc2 48. h4 Nb4+ 49. Ke3 Nc2+ 50. Kd3 Nb4+ 51. Kc3 Rg2 52. Re1+
Kf6 53. g4 Rf2 54. g5+ hxg5 55. hxg5+ Kxg5 56. Re5+ Kf4 57. Rxa5 Nc6 58. Ra4+
Kxf3 59. Ra8 Ke4 60. Kc4 Rf3 61. b4 Nxb4 62. Kxb4 1/2-1/2